| 000 | 00990nam a2200277 a 4500 | ||
|---|---|---|---|
| 001 | BRL_1785 | ||
| 005 | 20190320211352.0 | ||
| 008 | 300715s1967----mx-b######---#000-0#spa-# | ||
| 041 | _aspa | ||
| 044 | _amx | ||
| 050 | 4 |
_aF1221.L2 _b.L33 1967 |
|
| 245 | 1 | 0 |
_aLos lacandones _bproyecto de estudios antropológicos del sureste _cCarlos Robles Uribe...[et al.] |
| 260 |
_aMéxico _bInstituto Nacional de Antropología e Historia _c1967 |
||
| 300 |
_a73 p. _bil. mapas _c23 cm. |
||
| 440 | 0 |
_aDepartamento de Investigaciones Antropológicas. Publicaciones _v17 _927869 |
|
| 500 | _aAu2014 | ||
| 505 | 0 | _aContenido: v. 1. Bibliografía y reseña crítica de materiales publicados | |
| 650 | 1 | 4 |
_aIndígenas de México _94678 |
| 650 | 1 | 4 |
_aLacandones _923920 |
| 650 | 1 | 4 |
_aLacandones _xReligión y Mitología _927870 |
| 650 | 1 | 4 |
_aMayas _xReligión y Mitología _925486 |
| 700 | 1 |
_aRobles Uribe, Carlos _927871 |
|
| 700 | 1 |
_aRamos Chao, Enriqueta _927872 |
|
| 902 | _aGRL | ||
| 942 |
_2lcc _cB |
||
| 999 |
_c10593 _d10593 |
||